000 00421nam a2200133Ia 4500
008 200903s9999 xx 000 0 und d
020 _a978-1-108-72644
100 _aLeyshon, Catherine
245 _cCatherine Leyshon, Gurleen Khaira, Virginia Allum
_aOET Preparation nursing/
260 _aUK:
_bCambridge University Press
_c2019
300 _a250 pages
_c28 cm.
500 _aIncludes index
650 _aAlgebras, linear
999 _c364042
_d364042